000 00529nam a2200181Ia 4500
001 20443
005 20260306172806.0
008 260306t2023||||xx |||||||||||||| ||spa||
041 _aESP
082 _a343.21
_bH414
100 _aHakansson Nieto, Carlos,
_eAUT
245 0 _aActuación, ejecución y supervisión de sentencias constitucionales :
_befectividad de las decisiones y mecanismos procesales
260 _c2023
300 _a462 páginas :
_c25 cm.
650 _aGEN
654 _aCCO
942 _cLIB
_dJUS
_fJUS
_2ddc
_n
999 _c20443
_d20443